| 000 | 00813nam a22002777a 4500 | ||
|---|---|---|---|
| 001 | 012878658 | ||
| 003 | TZ-ArACH | ||
| 005 | 20251125141858.0 | ||
| 008 | 040513s2004 enk 001 0 eng | ||
| 015 |
_aGBA4X2402 _2bnb |
||
| 020 |
_a9781585424337 _c£7.99 |
||
| 040 |
_aStDuBDS _dUk _beng _cTZ-ArACH |
||
| 042 | _aukblsr | ||
| 050 |
_aHF5386 _b.H57 2005 |
||
| 100 | 1 |
_aHill, Napoleon _d1883-1970. |
|
| 245 | 1 | 0 |
_aThink and grow rich _cNapoleon Hill. |
| 250 | _brevised and expanded by Arthur R. Pell. | ||
| 260 |
_aLondon: _bVermilion, _c2004 |
||
| 300 |
_axv, 302 p. _c20cm. |
||
| 500 | _aOrginally published: Meriden, Conn. : Ralston Society, 1937. | ||
| 500 | _aIncludes index. | ||
| 500 |
_aFormerly CIP. _5Uk |
||
| 650 | 0 | _aSuccess in business. | |
| 700 | 1 | _aPell, Arthur R. | |
| 942 |
_2lcc _cBOOK |
||
| 999 |
_c7711 _d7711 |
||